Sports Quiz

Random Sports or Football Quiz

2010 NFL Punters Quiz Stats

 Plays Quiz not verified by Sporcle

Score 0/32 Timer 08:00
0 Plays Today
Team Name % Correct
Oakland RaidersShane Lechler
64.9%
New York JetsSteve Weatherford
52.7%
Washington RedskinsHunter Smith
50%
New York GiantsMatt Dodge
43.2%
Philadelphia EaglesSav Rocca
41.9%
San Francisco 49ersAndy Lee
41.9%
New England PatriotsZoltan Mesko
40.5%
Dallas CowboysMat McBriar
40.5%
San Diego ChargersMike Scifres
40.5%
Buffalo BillsBrian Moorman
39.2%
Denver BroncosBritton Colquitt
37.8%
Kansas City Chiefs Dustin Colquitt
37.8%
Pittsburgh SteelersDaniel Sepulveda
36.5%
Chicago BearsBrad Maynard
36.5%
Indianapolis ColtsPat McAfee
36.5%
St Louis RamsDonnie Jones
36.5%
Team Name % Correct
Baltimore RavensSam Koch
35.1%
Minnesota VikingsChris Kluwe
35.1%
Seattle SeahawksJon Ryan
28.4%
Jacksonville JaguarsAdam Podlesh
24.3%
Arizona CardinalsBen Graham
24.3%
Cleveland BrownsReggie Hodges
23%
Detroit LionsNick Harris
21.6%
Atlanta FalconsMichael Koenen
21.6%
Green Bay PackersTim Masthay
18.9%
Miami DolphinsBrandon Fields
18.9%
Cincinnati BengalsKevin Huber
17.6%
Houston TexansMatt Turk
17.6%
New Orleans SaintsThomas Morstead
16.2%
Carolina PanthersJason Baker
14.9%
Tennessee TitansBrett Kern
13.5%
Tampa Bay Buccaneers Chris Bryan
5.4%

You're not logged in!

Compare scores with friends on all Sporcle quizzes.
OR
Log In

Show Comments

Extras

Top Quizzes Today


Score Distribution

Your Account Isn't Verified!

In order to create a playlist on Sporcle, you need to verify the email address you used during registration. Go to your Sporcle Settings to finish the process.

Report this User

Report this user for behavior that violates our Community Guidelines.

Details: